Quizzes
Events
Quiz Creation
Community
Videos
Private Events
Remove Ads
Sign In
Join for FREE
Feedback
Dark Mode
Quiz Categories
Sports
Geography
Music
Movies
Television
Just For Fun
Miscellaneous
History
Literature
Language
Science
Gaming
Entertainment
Religion
Holiday
For Kids
Quiz Lab
Recent
Popular Today
Quiz Kudos Today
Editor Picks
Curator Picks
Quizzes by...
Day
Popularity
Type
Ratings
Length
Year
Community
Subscriptions
Recent Discussions
Orange Saloon
Badges
Playlists
Quests
Create
Leaderboards
Showdown
Live 5
Trivia Bingo
Activity
Puzzle Library
Sporcle Events
Private Events
Virtual Trivia
Globe League
Become a Host
Pub Owners
SporcleCon
Opinionation
Our Games
Videos
Blog
Mobile Apps
Partnerships
Remove Ads and Go Orange
Feedback
Miscellaneous
Crossword
General Knowledge
Baby Names
Logo
Food
Cars
Numbers
Grab Bag
University
College
Popular
Company
Slogans
Restaurants
Justice
Letter
Miscellaneous
Crossword
General Knowledge
Baby Names
Logo
Food
Cars
Numbers
Grab Bag
University
College
Popular
Company
Slogans
Restaurants
Justice
Letter
Random Quiz
Search Sporcle
×
Quiz Lab
Quiz Lab
Miscellaneous
University
Type in answers that appear in a list
Type in answers that appear in a list
Classic
Best Score? Go Orange.
Top 200 universities in the USA Stats
Can you name the Top 200 universities in the USA according to Forbes?
By
wert
18m
200 Questions
1,524 Plays
1,524 Plays
1,524 Plays
Comments
Comments
Give Quiz Kudos
Give Quiz Kudos
-
- Ratings
hide this ad
More Info
Replay
Link that replays current quiz
Next Quiz
Link to next quiz in quiz playlist
You Got
0%
They Got
Avg Score
37%
Avg Friend Score
Upgrade to see
Score Distribution
Jump to the score distribution portion of the page
Score
0/200
Timer
18:00
0
Plays Today
Rank
University
% Correct
6
Harvard University
96.9%
9
Massachusetts Institute of Technology
92.1%
14
Yale University
91.4%
2
Princeton University
89.4%
42
Columbia University
86.5%
21
Brown University
85.5%
82
Boston University
85.2%
55
University of California-Los Angeles
85%
5
Stanford University
83.1%
200
New York University
82.1%
52
University of Pennsylvania
82.1%
8
University of Chicago
80.5%
51
Cornell University
79.7%
22
Duke University
78.8%
185
University of Texas at Austin
77.6%
30
Dartmouth College
77.4%
165
University of Southern California
76.9%
11
Northwestern University
75.2%
26
Boston College
74.2%
46
University of Virginia-Main Campus
73.2%
13
California Institute of Technology
73.1%
74
University of North Carolina at Chapel Hill
73.1%
47
Georgetown University
72.8%
182
Pennsylvania State University-Main Campus
72.5%
93
University of Michigan-Ann Arbor
71.5%
134
University of Washington-Seattle Campus
71.4%
137
University of Florida
71%
18
University of Notre Dame
69.9%
53
Vanderbilt University
68.2%
147
University of Illinois at Urbana-Champaign
67.7%
161
University of California-San Diego
63.6%
28
Rice University
63%
70
University of California-Berkeley
62.3%
151
George Washington University
60.7%
17
United States Naval Academy
57%
49
College of William and Mary
56.9%
101
Johns Hopkins University
56.7%
10
United States Air Force Academy
56.7%
3
United States Military Academy
56.5%
155
American University
56.3%
45
Emory College
56.2%
190
Tulane University of Louisiana
55.3%
4
Amherst College
54.9%
1
Williams College
54.2%
179
Virginia Polytechnic Institute and State University
53.8%
128
University of California-Davis
53.6%
77
Wake Forest University
53.5%
39
Tufts University
51.8%
187
University of Denver
51.8%
178
Texas A&M University
51.3%
195
University of San Diego
51.2%
98
Carnegie Mellon University
50.4%
193
Florida State University
49.1%
167
University of California-Santa Barbara
49%
124
Lehigh University
48.2%
104
Pepperdine University
47.2%
140
University of California-Irvine
46.8%
119
Villanova University
46.8%
123
Southern Methodist University
46.6%
131
University of Rochester
46.4%
117
Loyola College in Maryland
46.2%
162
Fordham University
46.2%
37
Colgate University
44%
114
Saint Johns University
42%
156
Providence College
41.8%
176
University of San Francisco
41.8%
91
Brandeis University
41.4%
Rank
University
% Correct
16
Swarthmore College
41.2%
56
Smith College
39.9%
31
Colorado College
39.3%
23
Pomona College
39.3%
25
Washington and Lee university
38.7%
61
Davidson College
38.7%
7
Haverford College
37.7%
35
Wesleyan University
37.4%
122
Colorado School of Mines
36.9%
19
Wellesley College
36.8%
72
Oberlin College
35.7%
199
University of Portland
35.7%
33
Lafayette College
35.4%
129
University of Richmond
35.2%
20
Colby College
35%
27
College of the Holy Cross
34.8%
183
The College of Idaho
34.5%
113
Washington University in St Louis
34.4%
38
Bowdoin College
34.1%
67
Santa Clara University
34%
112
St Mary's College of Maryland
33.8%
24
Vassar College
33.3%
68
Grinnell College
33.1%
172
Saint Marys College of California
32.9%
171
Creighton University
32.9%
48
Bucknell University
32.5%
32
Bates College
32.5%
44
Harvey Mudd College
32.5%
80
Trinity College
32.5%
116
Trinity University
32.5%
40
Middlebury College
32.4%
184
Xavier University
32.3%
160
James Madison University
31.2%
58
Barnard College
31%
196
SUNY at Binghamton
30.8%
71
Hamilton College
30.4%
81
Furman University
30.4%
15
Carleton College
30.3%
12
Claremont McKenna College
30%
29
Union College
29.8%
125
Clark University
29.8%
159
Sarah Lawrence College
29.6%
62
Connecticut College
29.3%
92
Reed College
29.1%
41
Scripps College
28.9%
43
Kenyon College
28.6%
65
Virginia Military Institute
28.6%
174
College of New Jersey
28.4%
78
St Olaf College
28.1%
59
Dickinson College
27.9%
111
Occidental College
27.7%
138
Franklin and Marshall College
27.6%
136
Loyola Marymount University
27.3%
103
University of Dallas
27.1%
54
Bryn Mawr College
26.5%
83
Mount Holyoke College
25.8%
66
Wheaton College (IL)
25.7%
166
Wheaton College (MA)
25.7%
75
Rhodes College
25.5%
69
Skidmore College
24.9%
109
Denison University
24.9%
73
Wofford College
24.6%
100
Gettysburg College
24.6%
97
United States Coast Guard Academy
24.3%
64
St Lawrence University
24.2%
63
Lawrence University
23.8%
99
The College of Wooster
22.1%
Rank
University
% Correct
186
University of California-Santa Cruz
21.4%
79
Knox College
21.3%
194
Hope College
21.1%
141
Salem College
21%
34
Centre College
20.9%
130
Pitzer College
20.8%
36
Whitman College
20.6%
57
Sewanee: The University of the South
20.6%
163
Beloit College
20.5%
150
Washington & Jefferson College
20.4%
126
Southwestern University
19.7%
158
United States Merchant Marine Academy
19.7%
95
Kalamazoo College
19.5%
121
Berea College
19.4%
170
University of Scranton
19.2%
50
Depauw University
19.1%
88
Saint Michaels College
18.8%
94
Transylvania University
18.8%
175
College of the Atlantic
18.8%
180
Mount St Mary's College
18.6%
135
Fisk University
18.5%
86
Wabash College
18.1%
120
Illinois Wesleyan University
18.1%
181
Seattle Pacific University
18%
118
Wells College
17.9%
148
Susquehanna University
17.9%
133
Rollins College
17.3%
191
College of the Ozarks
17.3%
142
Drew University
17.2%
106
Hendrix College
17%
127
Presbyterian College
16.7%
139
Luther College
16.5%
189
Wittenberg University
16.2%
197
Stonehill College
16.2%
154
Cooper Union for the Advancement of Science and Art
16.1%
110
Muhlenberg College
16%
90
University of Minnesota-Morris
15.9%
105
University of Redlands
15.9%
107
Washington College
15.8%
143
Juniata College
15.3%
60
Hillsdale College
15.3%
96
Willamette University
15.3%
169
Lake Forest College
15.3%
149
Thomas Aquinas University
14.8%
85
Saint Anselm College
14.4%
188
Millsaps College
14.4%
198
Linfield College
14.1%
84
Saint Norbert College
14%
132
Hanover College
14%
168
Hiram College
13.5%
177
Bethel University
13.4%
87
Hobart William Smith Colleges
13%
76
Westmont College
12.8%
153
Allegheny College
12.6%
108
Ursinus College
12.4%
115
Albion College
12.2%
102
Macalester College
12.1%
145
Grove City College
11.7%
192
Whitworth University
11.7%
164
Asbury College
11.5%
152
Lebanon Valley College
11.1%
89
Hampden-Sydney College
11.1%
144
Principia College
10.9%
157
Wartburg College
10.1%
173
Gordon College
8.6%
146
Moravian College and Moravian Theological Seminary
8.1%
Quiz Playlist
Details
Report
Send in Message
Add To Playlist
More Info:
PLEASE READ FIRST COMMENT
Classic:
Type in answers that appear in a list
Quiz Source
Last Updated: Feb 6, 2019
Quiz Scoreboard
CHALLENGE
Sign Up to Join the Scoreboard
Show All
Scores
Hide
Comments
May contain spoilers
Recently Published
Presidents Visiting Landmarks
by Hejman
History
7m
An Introduction to Baseball
by treessimontrees
Sports
5m
Movies - When Are They Set?
by FPL_Elf
Movies
5m
More to Explore
Quiz From the Vault
Featured Blog Post
Where Did the Easter Bunny Come From?
hide this ad
You Might Also Like...
Tags
University Quiz
Top 200
University Challenge
Today's Top Quizzes in Miscellaneous
Browse Miscellaneous
hide this ad
Today's Top Quizzes in University
Browse University
Top Contributed Quizzes in Miscellaneous
1
5-to-1: Fast Food
2
The JOE quick-fire general knowledge quiz: Day 174
3
The JOE quick-fire general knowledge quiz: Day 173
4
The JOE quick-fire general knowledge quiz: Day 172
5
5-to-1: Cocktails
6
Sunday Crossword: Famous Bodies of Water
7
One Thing in Common: United Kingdom II
8
The JOE quick-fire general knowledge quiz: Day 171
9
Named After an Animal - Odd One Out!
10
The JOE quick-fire quiz: Day 170
Explore More
Trending Topics
NBA
Disney
Anime
Marvel
Crossword
Kpop
Harry Potter
The Office
WWE
NFL
Puzzle
Soccer
Country
Pokémon
Song
hide this ad
More By:
wert
Quiz
Plays
Rating
Category
Featured
Created
Ten Years of Big 4 Champions
245,344
3.77
Sports
Jul 11, 2012
'Stan Country Spelling Bee
147,198
3.73
Geography
Aug 14, 2012
Valuable Franchises by Sport (MINEFIELD)
36,206
3.30
Sports
Jul 8, 2011
Capital of each US State *Clickable Minefield*
3,904
4.25
Geography
Jul 8, 2012
Country that...
2,597
2.83
Geography
Oct 4, 2010
Go to Creator's Profile
Score Distribution
Quiz Creator Spotlight
wert
Follow
Send a Message
Quizzes Created
-
Created Quiz Play Count
-
More By This Creator
Popular Quizzes Today
1
Find the US States - No Outlines Minefield
2
Find the Countries of Europe - No Outlines Minefield
3
The Countries of the World
4
Find the US States
5
Popular People in 1961
6
US States
7
Risky Map Clicking: Biggest States A-Z
8
Movies - When Are They Set?
More Miscellaneous Quizzes
30 Facts That Start with 'Y'
Published
Trending Quizzes
Risky Map Clicking: Least Populous States A-Z
1-10 Letter G Words
1-10 Letter F Words
Risky Map Clicking: Next State Alphabetically
Risky Map Clicking: Biggest States A-Z
Recently Updated
Leaping Animals
pecheneg
Reality TV Shows (A-Z)
bhenderson79
Rickey Henderson's Hall of Fame Teammates
pecheneg
Champions League XIs: Arsenal
pecheneg
Quick Pick: Celebrities in WWE's Hall of Fame
aduchscher
A-Z Keypad Blitz II
pecheneg
Multiple Oscar Actors
pecheneg
Mystery Phrase Blitz: Oscar 'Best Actors'
pecheneg
F. Scott Fitzgerald Novels
LTH
Pick 3 Villains
ddd62291
Trending Topics
Kpop
Marvel
NBA
Anime
Disney
Harry Potter
Crossword
Puzzle
WWE
Pokémon
The Office
Song
Country
NFL
Soccer
Your Account Isn't Verified!
In order to create a playlist on Sporcle, you need to verify the email address you used during registration. Go to your
Sporcle Settings
to finish the process.
Report this User
Report this user for behavior that violates our
Community Guidelines
.
Details:
Send Report
Go to the Sporcle.com Mobile Site →
Comments